[Event "X C.to Italiano U20"]
[Site "Bratto - Castione della Presolana ITA"]
[Date "2002.08.21"]
[Round "2"]
[White "Nardelli, Marco"]
[Black "Mogranzini, Roberto"]
[Result "0-1"]
[WhiteElo "1821"]
[BlackElo "2149"]
[PlyCount "50"]
[EventDate "2002.08.20"]

1.e4 c5 2.Nf3 d6 3.d4 cxd4 4.Nxd4 Nf6 5.Nc3 a6 6.f3 e6 7.Be3 b5 8.g4 h6 9.
a4 b4 10.Na2 d5 11.e5 Nfd7 12.f4 Be7 13.Qd2 Nc5 14.Bd3 Nxa4 15.b3 Nc5 16.
Nxb4 Nxd3+ 17.Nxd3 Bd7 18.O-O Nc6 19.Qf2 h5 20.f5 Nxd4 21.Bxd4 hxg4 22.Nf4
Qc8 23.Rae1 Bh4 24.Qe2 Bxe1 25.Qxg4 Qxc2 0-1

[Event "X C.to Italiano U20"]
[Site "Bratto - Castione della Presolana ITA"]
[Date "2002.08.21"]
[Round "2"]
[White "Navarro, Tommaso"]
[Black "Nardi, Marco"]
[Result "1-0"]
[WhiteElo "1567"]
[BlackElo "1690"]
[PlyCount "91"]
[EventDate "2002.08.20"]

1.e4 e5 2.Nf3 Nf6 3.Nc3 Bb4 4.d3 d5 5.Bd2 Nc6 6.exd5 Nxd5 7.Nxd5 Bxd2+ 8.
Qxd2 Qxd5 9.Be2 Be6 10.O-O f6 11.Qe3 O-O-O 12.c4 Qd7 13.Rfe1 g5 14.Rab1 g4
15.Nd2 f5 16.f3 f4 17.Qf2 g3 18.hxg3 h5 19.Bf1 Rdg8 20.Ne4 fxg3 21.Qe3 Qe7
22.Nc5 h4 23.Nxe6 Qxe6 24.f4 h3 25.Qe4 Rg4 26.gxh3 Rgh4 27.f5 Qf7 28.Qg2 
Nd4 29.Re3 Rxh3 30.Qxh3 Rxh3 31.Bxh3 Qh5 32.Kg2 Ne2 33.Rh1 Nf4+ 34.Kxg3 
Qg5+ 35.Kf3 Qh4 36.Re4 Qh5+ 37.Kg3 Nxd3 38.f6+ Kd8 39.Rg4 Qf7 40.Rd1 e4 
41.Rxe4 Qg6+ 42.Rg4 Qh7 43.Rd4+ Ke8 44.R1xd3 Qg6+ 45.Bg4 Qxf6 46.Re3+ 1-0

[Event "X C.to Italiano U20"]
[Site "Bratto - Castione della Presolana ITA"]
[Date "2002.08.21"]
[Round "2"]
[White "Piscopo, Pierluigi"]
[Black "Pulito, Alberto"]
[Result "1-0"]
[WhiteElo "2289"]
[BlackElo "2032"]
[PlyCount "49"]
[EventDate "2002.08.20"]

1.e4 d5 2.exd5 Nf6 3.d4 Bg4 4.Bb5+ Nbd7 5.f3 Bf5 6.Nc3 a6 7.Ba4 b5 8.Bb3 
Nb6 9.Nge2 Nbxd5 10.Nxd5 Nxd5 11.Ng3 Qd7 12.a4 b4 13.Qe2 g6 14.Qe5 O-O-O 
15.O-O f6 16.Qe2 Qc6 17.a5 e5 18.dxe5 Bc5+ 19.Kh1 fxe5 20.Bg5 Nf4 21.Qxe5 
Rde8 22.Qxf4 h6 23.Bh4 Ref8 24.Nxf5 Rxf5 25.Qe4 1-0

[Event "X C.to Italiano U20"]
[Site "Bratto - Castione della Presolana ITA"]
[Date "2002.08.22"]
[Round "3"]
[White "Arcion, Riccardo"]
[Black "Bevilacqua, Andrea"]
[Result "1-0"]
[WhiteElo "1825"]
[BlackElo "1500"]
[PlyCount "132"]
[EventDate "2002.08.20"]

1.d4 d5 2.Bf4 e6 3.Nf3 Nf6 4.e3 c5 5.c3 Nc6 6.Bd3 Bd6 7.Bxd6 Qxd6 8.Nbd2 
Bd7 9.O-O O-O 10.dxc5 Qxc5 11.e4 dxe4 12.Nxe4 Nxe4 13.Bxe4 Qe7 14.Re1 h6 
15.Qe2 Rab8 16.Rad1 Rfd8 17.Bc2 Qf6 18.h3 Be8 19.Nd2 Qf4 20.g3 Qf6 21.Nc4 
Qe7 22.Qe4 g6 23.h4 b5 24.Ne5 Nxe5 25.Qxe5 h5 26.Be4 Rb6 27.Bf3 Rbd6 28.
Rxd6 Rxd6 29.Qc5 Qd7 30.Qg5 Qd8 31.Qxd8 Rxd8 32.Rd1 Rxd1+ 33.Bxd1 Bc6 34.
Be2 Kf8 35.f4 Ke7 36.Kf2 Kd6 37.Ke3 Kc5 38.Bd3 Bd5 39.b4+ Kc6 40.a3 a6 41.
Kd4 Kd6 42.Bc2 Bc4 43.a4 Bd5 44.axb5 axb5 45.Bd3 Bc6 46.c4 bxc4 47.Bxc4 f6
48.Bd3 e5+ 49.fxe5+ fxe5+ 50.Ke3 Be8 51.b5 Ke6 52.b6 Kd6 53.Be4 Bf7 54.b7 
Kc7 55.Kd3 Kb8 56.Kc3 Kc7 57.Kb4 Kb8 58.Ka5 Kc7 59.Kb5 Be8+ 60.Kc5 Kb8 61.
Kd5 Kxb7 62.Kxe5+ Kc7 63.Kf6 Kd6 64.Bxg6 Bc6 65.Bxh5 Kd7 66.Bg6 Kd8 1-0

[Event "X C.to Italiano U20"]
[Site "Bratto - Castione della Presolana ITA"]
[Date "2002.08.22"]
[Round "3"]
[White "Bartolini, Marco"]
[Black "Cappai, Davide"]
[Result "1/2-1/2"]
[WhiteElo "1618"]
[BlackElo "1774"]
[PlyCount "94"]
[EventDate "2002.08.20"]

1.d4 d5 2.Nf3 Nf6 3.Bg5 Ne4 4.Bf4 c5 5.e3 Nc6 6.c3 Bg4 7.Be2 e6 8.Nbd2 g5 
9.Bg3 h5 10.dxc5 Nxc5 11.h4 Bxf3 12.Nxf3 g4 13.Nd4 Ne4 14.Bb5 Qd7 15.Qa4 
Nc5 16.Bxc6 Nxa4 17.Bxd7+ Kxd7 18.O-O-O Bg7 19.Ne2 Ke7 20.f4 f5 21.Nd4 
Rhc8 22.Be1 Nc5 23.Kb1 Ne4 24.Ne2 a5 25.Ng3 Nf6 26.Rd3 Bf8 27.Rf1 Kf7 28.
Bf2 Kg6 29.Rfd1 Nd7 30.c4 Rxc4 31.b3 Rc6 32.e4 fxe4 33.Nxe4 Nc5 34.Nxc5 
Bxc5 35.Bxc5 Rxc5 36.Re1 Re8 37.Re5 Rf8 38.g3 Rfc8 39.Rxe6+ Kf7 40.Re2 b5 
41.Rde3 R8c7 42.Rd2 Re7 43.Rxe7+ Kxe7 44.Rc2 Kd6 45.Rxc5 Kxc5 46.Kc2 Kd4 
47.Kd2 b4 1/2-1/2

[Event "X C.to Italiano U20"]
[Site "Bratto - Castione della Presolana ITA"]
[Date "2002.08.22"]
[Round "3"]
[White "Bertagnolli, Alexander"]
[Black "Lain, Luigi"]
[Result "0-1"]
[WhiteElo "2294"]
[BlackElo "2160"]
[PlyCount "58"]
[EventDate "2002.08.20"]

1.Nf3 d5 2.c4 e6 3.b3 Be7 4.Bb2 Bf6 5.Nc3 Ne7 6.e3 c5 7.cxd5 exd5 8.d4 O-O
9.dxc5 Qa5 10.Rc1 Nbc6 11.Bd3 Qxc5 12.O-O Qa5 13.h3 Be6 14.a3 Rac8 15.b4 
Qd8 16.Qe2 Qd7 17.Rfd1 Rfd8 18.Bb1 Ne5 19.Nxe5 Bxe5 20.Bxh7+ Kf8 21.Bb1 
Rc4 22.Qh5 Bf6 23.Qh8+ Ng8 24.Bh7 Rh4 25.Nxd5 Rxh7 26.Qxh7 Bxb2 27.Rc2 Bf5
28.Qxg8+ Kxg8 29.Nf6+ Bxf6 0-1

[Event "X C.to Italiano U20"]
[Site "Bratto - Castione della Presolana ITA"]
[Date "2002.08.22"]
[Round "3"]
[White "Bove, Alessandro"]
[Black "Braschi, Giancarlo"]
[Result "1/2-1/2"]
[WhiteElo "1815"]
[BlackElo "2124"]
[PlyCount "60"]
[EventDate "2002.08.20"]

1.e4 c5 2.Nf3 Nc6 3.d4 cxd4 4.Nxd4 e5 5.Nb5 d6 6.a4 a6 7.N5a3 Nf6 8.Nc3 
Bg4 9.f3 Be6 10.Bg5 Be7 11.Nc4 Nd4 12.Bxf6 Bxf6 13.Nd5 Bxd5 14.exd5 Nf5 
15.Bd3 Ne7 16.O-O Bg5 17.Re1 O-O 18.Ra3 Qc7 19.b4 g6 20.Bf1 Rac8 21.a5 h5 
22.c3 Rcd8 23.Nb6 h4 24.Bc4 Bf4 25.Re2 Nf5 26.Qe1 Qe7 27.Bd3 Ng3 28.Rea2 
Nh5 29.c4 Qg5 30.Bf1 Nf6 1/2-1/2

[Event "X C.to Italiano U20"]
[Site "Bratto - Castione della Presolana ITA"]
[Date "2002.08.22"]
[Round "3"]
[White "Buchicchio, Alessandro"]
[Black "Bracali, Andrea"]
[Result "1-0"]
[WhiteElo "1707"]
[BlackElo "1488"]
[PlyCount "41"]
[EventDate "2002.08.20"]

1.d4 Nf6 2.c4 g6 3.Nf3 Bg7 4.g3 b6 5.Bg2 Bb7 6.Nc3 O-O 7.Bg5 Ne4 8.Nxe4 
Bxe4 9.Qd2 d5 10.cxd5 Bxd5 11.Bh6 Nd7 12.h4 e6 13.h5 Qe7 14.Bxg7 Kxg7 15.
hxg6 fxg6 16.Ng5 Rh8 17.Bxd5 exd5 18.Rc1 Nf6 19.Rxc7 Nd7 20.Qe3 Qd6 21.
Qe5+ 1-0

[Event "X C.to Italiano U20"]
[Site "Bratto - Castione della Presolana ITA"]
[Date "2002.08.22"]
[Round "3"]
[White "Buchicchio, Giancarlo"]
[Black "Berni, Giorgio"]
[Result "1/2-1/2"]
[WhiteElo "1825"]
[BlackElo "2198"]
[PlyCount "79"]
[EventDate "2002.08.20"]

1.e4 c5 2.d4 cxd4 3.c3 Nf6 4.e5 Nd5 5.Bc4 Qc7 6.Qe2 Nb6 7.Bb3 Nc6 8.Nf3 d3
9.Qe4 e6 10.Bf4 d6 11.Na3 a6 12.exd6 Bxd6 13.Bxd6 Qxd6 14.Rd1 Nd7 15.Nc4 
Qe7 16.Qxd3 O-O 17.Bc2 g6 18.Qe3 b5 19.Be4 Bb7 20.Nd6 Nf6 21.Nxb7 Nxe4 22.
Qxe4 Qxb7 23.h4 Na5 24.Qxb7 Nxb7 25.h5 Rfd8 26.hxg6 hxg6 27.Ne5 Rxd1+ 28.
Kxd1 Rd8+ 29.Kc2 Rd5 30.Nxf7 Kg7 31.Nh6 Rh5 32.Re1 Kxh6 33.Rxe6 Nc5 34.Rc6
a5 35.g4 Rd5 36.f4 Ne4 37.f5 Rd6 38.Rxd6 Nxd6 39.fxg6 Kxg6 40.Kb3 1/2-1/2

[Event "X C.to Italiano U20"]
[Site "Bratto - Castione della Presolana ITA"]
[Date "2002.08.22"]
[Round "3"]
[White "Buchicchio, Roberto"]
[Black "Bentivegna, Francesco"]
[Result "0-1"]
[WhiteElo "1645"]
[BlackElo "2120"]
[PlyCount "92"]
[EventDate "2002.08.20"]

1.e4 e5 2.f4 Bc5 3.Nf3 d6 4.Bc4 Nf6 5.Nc3 Nc6 6.d3 Bg4 7.h3 Bxf3 8.Qxf3 
exf4 9.Bxf4 Nd4 10.Qg3 Nh5 11.Qg4 Nxf4 12.Qxf4 Nxc2+ 13.Kd1 Ne3+ 14.Kd2 
Nxc4+ 15.dxc4 O-O 16.Raf1 Bd4 17.h4 c6 18.Rh3 Qe7 19.g4 Rae8 20.Re1 Qe6 
21.Kd3 Be5 22.Qf5 g6 23.Qxe6 Rxe6 24.Rf3 Rfe8 25.Rfe3 a6 26.b3 Kg7 27.Ne2 
h6 28.Nd4 Bxd4 29.Kxd4 Re5 30.R1e2 f6 31.Rg2 d5 32.Rge2 Rxe4+ 33.Rxe4 
Rxe4+ 34.Rxe4 dxe4 35.Kxe4 Kf7 36.h5 gxh5 37.gxh5 Ke6 38.c5 a5 39.a3 f5+ 
40.Kf4 Kf6 41.a4 Ke6 42.Ke3 Ke5 43.Kf3 f4 44.Ke2 Kf5 45.Kf3 Kg5 46.Ke4 Kg4
0-1

[Event "X C.to Italiano U20"]
[Site "Bratto - Castione della Presolana ITA"]
[Date "2002.08.22"]
[Round "3"]
[White "Castellano, Fabio Marco"]
[Black "Chinello, Gianmarco"]
[Result "0-1"]
[WhiteElo "1600"]
[BlackElo "1636"]
[PlyCount "52"]
[EventDate "2002.08.20"]

1.e4 e5 2.Nf3 Nc6 3.d4 exd4 4.Nxd4 Bc5 5.Be3 Qf6 6.c3 d6 7.Be2 Bd7 8.O-O 
O-O-O 9.a4 Qe7 10.f3 a6 11.Na3 d5 12.Nac2 Nf6 13.b4 Ba7 14.b5 Nxd4 15.Nxd4
a5 16.Rb1 dxe4 17.b6 Bxb6 18.Rxb6 cxb6 19.Qb3 Be6 20.Nxe6 Qxe6 21.Bc4 Qc6 
22.fxe4 Nxe4 23.Rxf7 Nc5 24.Qc2 Qe4 25.Qe2 Rhf8 26.Rxg7 Qb1+ 0-1

[Event "X C.to Italiano U20"]
[Site "Bratto - Castione della Presolana ITA"]
[Date "2002.08.22"]
[Round "3"]
[White "Damia, Angelo"]
[Black "Longo, Luigi"]
[Result "1-0"]
[WhiteElo "1888"]
[BlackElo "1678"]
[PlyCount "69"]
[EventDate "2002.08.20"]

1.e4 e6 2.d4 d5 3.exd5 exd5 4.Bd3 Bd6 5.Nf3 Nf6 6.Bg5 Bg4 7.O-O O-O 8.Nbd2
Nbd7 9.c3 c6 10.Qc2 Qc7 11.h3 Bh5 12.Rfe1 Rfe8 13.Kf1 Bf4 14.Bxf4 Qxf4 15.
Rxe8+ Rxe8 16.Re1 Rxe1+ 17.Kxe1 Bxf3 18.Nxf3 Ne4 19.Bxe4 Qxe4+ 20.Qxe4 
dxe4 21.Nd2 f5 22.Nc4 g6 23.Na5 Nb6 24.Nxb7 Na4 25.Na5 c5 26.dxc5 Nxc5 27.
b4 Nd3+ 28.Ke2 Ne5 29.Ke3 Kf7 30.Kd4 Ke6 31.c4 a6 32.b5 axb5 33.cxb5 Nd7 
34.Nc4 Nb8 35.a4 1-0

[Event "X C.to Italiano U20"]
[Site "Bratto - Castione della Presolana ITA"]
[Date "2002.08.22"]
[Round "3"]
[White "Di Caro, Calogero"]
[Black "Costantini, Roberto"]
[Result "1-0"]
[WhiteElo "1912"]
[BlackElo "2340"]
[PlyCount "89"]
[EventDate "2002.08.20"]

1.d4 d5 2.c4 c6 3.Nf3 e6 4.e3 Bd6 5.Nc3 f5 6.Ne5 Nf6 7.Be2 O-O 8.O-O Qe7 
9.f4 b6 10.Bd2 Bb7 11.cxd5 exd5 12.Rc1 Kh8 13.Qa4 c5 14.Rfd1 a6 15.Be1 c4 
16.Qc2 Qe6 17.a4 Ne4 18.b3 Nxc3 19.Bxc3 b5 20.bxc4 dxc4 21.Qb2 Qe7 22.axb5
Ba3 23.Qd2 Bxc1 24.Rxc1 Rc8 25.Bb4 Qf6 26.b6 Nc6 27.Bc5 Nxe5 28.fxe5 Qg5 
29.Bxc4 Bxg2 30.h4 Qg3 31.Qf2 Qh3 32.Qxg2 Qxe3+ 33.Kh2 Qf4+ 34.Qg3 Qd2+ 
35.Be2 Qxe2+ 36.Qg2 Qxg2+ 37.Kxg2 Rab8 38.e6 Rxb6 39.d5 Rb2+ 40.Kf3 Rb3+ 
41.Kf4 Kg8 42.d6 Rd3 43.Ke5 f4 44.d7 Rd8 45.Bd4 1-0

[Event "X C.to Italiano U20"]
[Site "Bratto - Castione della Presolana ITA"]
[Date "2002.08.22"]
[Round "3"]
[White "Ferro, Mario"]
[Black "Napoli, Nicolo'"]
[Result "0-1"]
[WhiteElo "2191"]
[BlackElo "1902"]
[PlyCount "86"]
[EventDate "2002.08.20"]

1.f4 f5 2.Nf3 Nf6 3.b4 e6 4.a3 b6 5.e3 c5 6.b5 Be7 7.Be2 O-O 8.O-O a6 9.
Bb2 d6 10.bxa6 Nxa6 11.Nc3 Nc7 12.Nb5 Bd7 13.c4 Bxb5 14.cxb5 Ne4 15.d3 Bf6
16.Bxf6 Nxf6 17.a4 Ncd5 18.Qd2 Ra5 19.Ng5 Qd7 20.e4 Nb4 21.exf5 exf5 22.d4
h6 23.dxc5 bxc5 24.Nf3 Ne4 25.Qb2 Kh8 26.Rfd1 Qa7 27.Bc4 Ra8 28.Nh4 Rxa4 
29.Rxa4 Qxa4 30.Bb3 Qa7 31.Nxf5 c4+ 32.b6 Qxb6+ 33.Kf1 c3 34.Qe2 Nd2+ 35.
Rxd2 cxd2 36.Bd1 Qa6 37.Qxa6 Rxa6 38.Ke2 Ra2 39.Nxd6 Nd5 40.Ne4 Nxf4+ 41.
Kf3 Ra1 42.Nf2 Nd3 43.Nxd3 Rxd1 0-1

[Event "X C.to Italiano U20"]
[Site "Bratto - Castione della Presolana ITA"]
[Date "2002.08.22"]
[Round "3"]
[White "Kidane, Robel"]
[Black "Trazzi, Enrico"]
[Result "1-0"]
[WhiteElo "1770"]
[BlackElo "1500"]
[PlyCount "47"]
[EventDate "2002.08.20"]

1.e4 e5 2.Nf3 f5 3.Nxe5 Qf6 4.Nc4 fxe4 5.Nc3 Qg6 6.Qe2 Nf6 7.d4 d6 8.h3 
Be7 9.g4 O-O 10.Be3 Be6 11.Bg2 Qf7 12.Nd2 d5 13.f3 exf3 14.Nxf3 Nfd7 15.
Rf1 Qe8 16.O-O-O c6 17.Rde1 Bf7 18.Ng5 Bxg5 19.Bxg5 Qxe2 20.Rxe2 Na6 21.
Re7 Nab8 22.Nb5 cxb5 23.Rfxf7 Rxf7 24.Bxd5 1-0

[Event "X C.to Italiano U20"]
[Site "Bratto - Castione della Presolana ITA"]
[Date "2002.08.22"]
[Round "3"]
[White "Mazzilli, Piero"]
[Black "Lo Curto, Emanuele"]
[Result "0-1"]
[WhiteElo "2242"]
[BlackElo "2084"]
[PlyCount "95"]
[EventDate "2002.08.20"]

1.d4 Nf6 2.c4 g6 3.Nc3 Bg7 4.e4 O-O 5.Nf3 d6 6.Be2 e5 7.O-O Nc6 8.d5 Ne7 
9.Ne1 Nd7 10.f3 f5 11.g4 f4 12.h4 Nf6 13.Bd2 c5 14.Rb1 h6 15.Kg2 Ne8 16.b4
b6 17.bxc5 bxc5 18.Nd3 Bf6 19.Rh1 Bd7 20.Qe1 Nc8 21.Nb5 Nb6 22.Ba5 Qe7 23.
Nc1 Nc8 24.Nc3 Ng7 25.Rb7 Qe8 26.Nb5 Bxb5 27.Rxb5 Bd8 28.Bc3 Rf7 29.Nd3 
Nb6 30.Nb2 Rb7 31.Na4 Rab8 32.Nxb6 Rxb6 33.Qb1 a6 34.Rxb6 Rxb6 35.Qc2 Qd7 
36.Rb1 Rxb1 37.Qxb1 Bxh4 38.Qb8+ Kh7 39.Kf1 Qe7 40.Bd1 Bg5 41.Qb2 Bh4 42.
Qd2 h5 43.Ba5 hxg4 44.fxg4 Ne8 45.Bf3 Kg7 46.Ke2 Qa7 47.Kd3 Qb7 48.Qc2 0-1

[Event "X C.to Italiano U20"]
[Site "Bratto - Castione della Presolana ITA"]
[Date "2002.08.22"]
[Round "3"]
[White "Nardi, Marco"]
[Black "Hellweger, Stefan"]
[Result "1-0"]
[WhiteElo "1690"]
[BlackElo "1488"]
[PlyCount "111"]
[EventDate "2002.08.20"]

1.e4 e5 2.d4 exd4 3.Qxd4 Nc6 4.Qe3 d6 5.Bd2 Be7 6.Nc3 Nf6 7.O-O-O Be6 8.f4
O-O 9.Nf3 a6 10.h3 Nh5 11.Qe1 b5 12.f5 Bd7 13.g4 Nf6 14.g5 Ne8 15.f6 gxf6 
16.gxf6 Bxf6 17.Bh6 Bg7 18.Rg1 Kh8 19.Bxg7+ Nxg7 20.Nd5 Ne7 21.Nf6 Ng6 22.
e5 dxe5 23.Nxd7 e4 24.Nxf8 Qxf8 25.Qxe4 Re8 26.Qd4 c5 27.Qd6 Ne7 28.Ne5 
Ngf5 29.Qf6+ Ng7 30.Nxf7+ Kg8 31.Qe6 Qxf7 32.Qxf7+ Kxf7 33.Bd3 Nef5 34.
Rdf1 Re5 35.Rxg7+ Kxg7 36.Rxf5 Rxf5 37.Bxf5 h6 38.Kd2 Kf6 39.Bc8 a5 40.Ke3
Ke5 41.Bd7 b4 42.Kd3 Kd5 43.Bb5 Ke5 44.Kc4 Kd6 45.Be8 Kc7 46.Kxc5 Kb7 47.
Kb5 b3 48.axb3 Ka7 49.Kxa5 Kb7 50.b4 Ka7 51.b5 Kb7 52.b6 Kb8 53.Ka6 Ka8 
54.c4 Kb8 55.c5 Ka8 56.c6 1-0

[Event "X C.to Italiano U20"]
[Site "Bratto - Castione della Presolana ITA"]
[Date "2002.08.22"]
[Round "3"]
[White "Navarro, Stefano"]
[Black "Bonarrigo, Marco"]
[Result "1/2-1/2"]
[WhiteElo "2122"]
[BlackElo "1699"]
[PlyCount "137"]
[EventDate "2002.08.20"]

1.e4 c5 2.Nf3 e6 3.d4 cxd4 4.Nxd4 a6 5.Nc3 Qc7 6.a3 Nc6 7.Be3 Nge7 8.Be2 
Nxd4 9.Qxd4 Nc6 10.Qd2 d6 11.O-O Be7 12.f4 O-O 13.Kh1 b5 14.Rad1 Bb7 15.
Bf3 Na5 16.Qe1 Nc4 17.Bc1 Rac8 18.Ne2 Bf6 19.c3 Rfd8 20.Nd4 e5 21.Ne2 Nb6 
22.Qf2 Re8 23.Rfe1 Rcd8 24.Be3 Nc4 25.fxe5 dxe5 26.Nc1 Nxe3 27.Qxe3 Rxd1 
28.Rxd1 Rd8 29.Rxd8+ Qxd8 30.Nd3 Bg5 31.Qe2 Qd6 32.g3 Bd8 33.Kg2 Bb6 34.
Kf1 g6 35.Bg2 a5 36.b4 Qc7 37.Qd2 axb4 38.axb4 f6 39.Nf2 Qc4+ 40.Ke1 Qb3 
41.Nd1 Qe6 42.Qd3 Bc6 43.Qd2 Qd7 44.Qxd7 Bxd7 45.Kd2 Bg1 46.h3 h5 47.Ne3 
Bf2 48.Nf1 Kf7 49.Ke2 Ba7 50.Ne3 f5 51.exf5 gxf5 52.Bf3 Kg6 53.Bg2 Bb8 54.
Kf2 Bd6 55.Nd5 f4 56.gxf4 exf4 57.Nb6 Be8 58.Be4+ Kg5 59.Kg2 Be5 60.c4 
bxc4 61.Nxc4 Bc7 62.Nd2 Bd6 63.Nf3+ Kf6 64.Bb7 Bxb4 65.Ba8 Bc5 66.Bb7 Bf7 
67.Ba8 Ke7 68.Bb7 Kd6 69.Ba8 1/2-1/2

[Event "X C.to Italiano U20"]
[Site "Bratto - Castione della Presolana ITA"]
[Date "2002.08.22"]
[Round "3"]
[White "Pulito, Alberto"]
[Black "Frilli, Guido"]
[Result "1-0"]
[WhiteElo "2032"]
[BlackElo "1750"]
[PlyCount "81"]
[EventDate "2002.08.20"]

1.e4 c6 2.Nc3 d5 3.d4 dxe4 4.Nxe4 Nd7 5.Nf3 Ngf6 6.Neg5 e6 7.Bd3 Bd6 8.O-O
h6 9.Ne4 Nxe4 10.Bxe4 O-O 11.c3 Nf6 12.Qc2 Nxe4 13.Qxe4 Qf6 14.Re1 Rb8 15.
Ne5 Bxe5 16.dxe5 Qe7 17.Bf4 Bd7 18.Re3 Rbd8 19.Rg3 Kh8 20.Rh3 f5 21.Qe3 
Rf7 22.Bg5 Qe8 23.Bxh6 Kg8 24.Bg5 Ra8 25.Qg3 c5 26.Qh4 Rf8 27.Be7 Bc6 28.
Bxf8 Kxf8 29.Qg5 Kg8 30.Rd1 Be4 31.Rg3 Qf7 32.Rd8+ Rxd8 33.Qxd8+ Qf8 34.
Qd7 Bd5 35.h4 Qf7 36.Qd8+ Qf8 37.Qg5 Kf7 38.h5 Bxa2 39.Qg6+ Kg8 40.h6 Bd5 
41.hxg7 1-0

[Event "X C.to Italiano U20"]
[Site "Bratto - Castione della Presolana ITA"]
[Date "2002.08.22"]
[Round "3"]
[White "Retter, Martin"]
[Black "Navarro, Tommaso"]
[Result "1-0"]
[WhiteElo "1807"]
[BlackElo "1567"]
[PlyCount "68"]
[EventDate "2002.08.20"]

1.c4 c5 2.Nf3 Nc6 3.Nc3 Nf6 4.d4 e6 5.d5 Na5 6.e4 d6 7.Be2 Be7 8.O-O O-O 
9.Ne1 b6 10.f4 Ba6 11.b3 exd5 12.cxd5 Bxe2 13.Qxe2 a6 14.Bb2 b5 15.Rd1 b4 
16.Na4 Rc8 17.e5 Ne8 18.Qxa6 c4 19.Nb6 Rb8 20.Qxa5 Qxb6+ 21.Qxb6 Rxb6 22.
bxc4 Ra6 23.Ra1 Nc7 24.c5 Nxd5 25.exd6 Bf6 26.Bxf6 Nxf6 27.Nd3 Ne4 28.Rfc1
Ra4 29.d7 Ra7 30.c6 Nc3 31.Nxb4 Nb5 32.Nd5 Nc7 33.Nxc7 Rxc7 34.Rab1 Rd8 
1-0

[Event "X C.to Italiano U20"]
[Site "Bratto - Castione della Presolana ITA"]
[Date "2002.08.22"]
[Round "3"]
[White "Rodella, Tommaso"]
[Black "Nardelli, Marco"]
[Result "0-1"]
[WhiteElo "1573"]
[BlackElo "1821"]
[PlyCount "166"]
[EventDate "2002.08.20"]

1.e4 c5 2.Nf3 e6 3.c3 d5 4.Bb5+ Bd7 5.Bxd7+ Qxd7 6.exd5 Qxd5 7.O-O Nf6 8.
d4 Nc6 9.Be3 cxd4 10.Nxd4 Be7 11.Nd2 O-O 12.Qf3 Ne5 13.Qxd5 Nxd5 14.N2f3 
Nxe3 15.fxe3 Nc4 16.e4 Bc5 17.b3 Ne3 18.Rfc1 Rfe8 19.e5 Nf5 20.Kf1 Nxd4 
21.cxd4 Bb6 22.Rc4 Red8 23.Ke2 Kf8 24.g4 Rac8 25.Rac1 Rxc4 26.Rxc4 Ke7 27.
g5 Kd7 28.Nd2 Bc7 29.h4 Rh8 30.Ne4 b6 31.Rc1 h6 32.Rf1 Ke7 33.a4 hxg5 34.
Nxg5 f6 35.Nf3 fxe5 36.Nxe5 Bxe5 37.dxe5 Rxh4 38.Rg1 Kf7 39.Rc1 Rh2+ 40.
Kd3 Rh3+ 41.Kc4 Re3 42.Kd4 Rxb3 43.Rc7+ Kg6 44.Rxa7 Rb4+ 45.Kc3 Rg4 46.Ra6
Kf5 47.Kb3 Rg1 48.Kb2 Rg4 49.Kb3 Rg1 50.Kb2 Kxe5 51.Rxb6 Kd5 52.a5 Rf1 53.
a6 Rf8 54.a7 Ra8 55.Rb7 g5 56.Rg7 g4 57.Kb3 g3 58.Kb4 g2 59.Kb5 Rxa7 60.
Rxg2 Rb7+ 61.Ka6 Rb3 62.Rg5+ e5 63.Ka5 Rb2 64.Ka4 Kd4 65.Ka3 Rb8 66.Rg4+ 
e4 67.Rg5 Kd3 68.Rg7 e3 69.Rd7+ Ke2 70.Re7 Kd2 71.Rd7+ Ke1 72.Re7 e2 73.
Ka2 Rd8 74.Kb3 Kd2 75.Kc4 e1=Q 76.Rxe1 Kxe1 77.Kc3 Ke2 78.Kc4 Ke3 79.Kc5 
Ke4 80.Kc6 Ke5 81.Kc7 Rd1 82.Kc6 Rd2 83.Kc7 Ke6 0-1

[Event "X C.to Italiano U20"]
[Site "Bratto - Castione della Presolana ITA"]
[Date "2002.08.22"]
[Round "3"]
[White "Tassinari, Luca"]
[Black "Bonagura, Stefano"]
[Result "1-0"]
[WhiteElo "1600"]
[BlackElo "1521"]
[PlyCount "85"]
[EventDate "2002.08.20"]

1.e4 e5 2.Nf3 d6 3.d4 exd4 4.Nxd4 Nf6 5.Nc3 Be7 6.Be2 O-O 7.O-O Re8 8.b3 
Nbd7 9.Bb2 Bf8 10.Bd3 Nc5 11.Re1 d5 12.e5 Ng4 13.Nf3 c6 14.Bf1 Qc7 15.Qd4 
h5 16.h3 Nh6 17.Nb1 Bf5 18.Qd1 Rad8 19.Nh4 g6 20.Nxf5 Nxf5 21.Qe2 Bg7 22.
Nd2 f6 23.g4 hxg4 24.Qxg4 fxe5 25.Qxg6 Qf7 26.Qxf7+ Kxf7 27.Rad1 a5 28.Be2
Rh8 29.Bg4 e4 30.Ba3 e3 31.fxe3 Nxe3 32.Bxc5 Nxd1 33.Rxd1 Rdg8 34.Kf2 Rh6 
35.Re1 Rf6+ 36.Kg3 Bh6 37.Nf3 Bf4+ 38.Kg2 Bd6 39.Ne5+ Kg7 40.Bd4 c5 41.Nd7
cxd4 42.Nxf6 Rf8 43.Ne8+ 1-0

[Event "X C.to Italiano U20"]
[Site "Bratto - Castione della Presolana ITA"]
[Date "2002.08.22"]
[Round "3"]
[White "Tomba, Ivan"]
[Black "Brunello, Sabino"]
[Result "0-1"]
[WhiteElo "2178"]
[BlackElo "1957"]
[PlyCount "32"]
[EventDate "2002.08.20"]

1.e4 e5 2.Nf3 Nc6 3.d4 exd4 4.Nxd4 Bc5 5.Nxc6 Qf6 6.Qd2 dxc6 7.Qf4 Qe7 8.
Bd3 Nf6 9.O-O g5 10.Qg3 Bd6 11.f4 Rg8 12.e5 Bc5+ 13.Kh1 Nh5 14.Qf3 g4 15.
Qe2 Qh4 16.Qe1 g3 0-1

[Event "X C.to Italiano U20"]
[Site "Bratto - Castione della Presolana ITA"]
[Date "2002.08.22"]
[Round "3"]
[White "Vocaturo, Daniele"]
[Black "Buchicchio, Giampaolo"]
[Result "0-1"]
[WhiteElo "2101"]
[BlackElo "2188"]
[PlyCount "66"]
[EventDate "2002.08.20"]

1.e4 c5 2.Nf3 Nc6 3.d4 cxd4 4.Nxd4 e5 5.Nb5 d6 6.c4 Be7 7.N1c3 a6 8.Na3 
Be6 9.Bd3 Bg5 10.O-O Bxc1 11.Rxc1 Nf6 12.Nd5 Nd7 13.Qd2 O-O 14.b4 g6 15.
Nc2 f5 16.f3 Kh8 17.a4 a5 18.exf5 gxf5 19.Qh6 Bxd5 20.cxd5 Rf6 21.Qh3 Ne7 
22.Ne3 Qb6 23.Rfe1 e4 24.fxe4 Ne5 25.bxa5 Rxa5 26.Bb5 f4 27.Rf1 Kg7 28.
Rce1 Rh6 29.Qxh6+ Kxh6 30.Rxf4 N7g6 31.Rf2 Rxb5 32.axb5 Nd3 33.Nf5+ Kg5 
0-1

[Event "X C.to Italiano U20"]
[Site "Bratto - Castione della Presolana ITA"]
[Date "2002.08.22"]
[Round "3"]
[White "Waldner, Mirko"]
[Black "Longo, Aldo"]
[Result "1-0"]
[WhiteElo "1636"]
[BlackElo "1575"]
[PlyCount "41"]
[EventDate "2002.08.20"]

1.d4 d5 2.c4 c6 3.Nc3 e5 4.cxd5 cxd5 5.e3 exd4 6.exd4 Nc6 7.Nf3 Nf6 8.Bb5 
Bb4 9.O-O O-O 10.Qa4 Qd6 11.Re1 Bd7 12.Bd2 a6 13.Bxc6 Bxc6 14.Qc2 Rac8 15.
Ne5 Bxc3 16.Bxc3 Ne4 17.Re3 f6 18.Nxc6 Rxc6 19.Rae1 b5 20.Qb3 Kh8 21.Bb4 
1-0

[Event "X C.to Italiano U20"]
[Site "Bratto - Castione della Presolana ITA"]
[Date "2002.08.23"]
[Round "4"]
[White "Arcion, Riccardo"]
[Black "Vocaturo, Daniele"]
[Result "1/2-1/2"]
[WhiteElo "1825"]
[BlackElo "2101"]
[PlyCount "66"]
[EventDate "2002.08.20"]

1.d4 d5 2.c4 e6 3.Nf3 c6 4.Nc3 dxc4 5.a4 Bb4 6.e4 Nf6 7.Qc2 b5 8.Bg5 h6 9.
Bxf6 Qxf6 10.axb5 cxb5 11.b3 Nc6 12.Rd1 O-O 13.bxc4 Rd8 14.Be2 Nxd4 15.
Nxd4 Rxd4 16.O-O Bxc3 17.e5 Qxe5 18.Qxc3 Re4 19.Rd8+ Kh7 20.Qc2 f5 21.Bd3 
Rh4 22.g3 Qf6 23.Rxc8 Rxc8 24.gxh4 bxc4 25.Re1 Rc5 26.Bxc4 Qxh4 27.Rc1 
Qg4+ 28.Kh1 Qf3+ 29.Kg1 h5 30.Qc3 Qg4+ 31.Kh1 h4 32.h3 Qf4 33.Rc2 a5 
1/2-1/2

[Event "X C.to Italiano U20"]
[Site "Bratto - Castione della Presolana ITA"]
[Date "2002.08.23"]
[Round "4"]
[White "Bentivegna, Francesco"]
[Black "Buchicchio, Giancarlo"]
[Result "1-0"]
[WhiteElo "2120"]
[BlackElo "1825"]
[PlyCount "89"]
[EventDate "2002.08.20"]

1.e4 Nf6 2.e5 Nd5 3.c4 Nb6 4.c5 Nd5 5.Bc4 c6 6.Nc3 Nxc3 7.dxc3 d6 8.cxd6 
exd6 9.Bf4 d5 10.Bd3 Be7 11.Qe2 Be6 12.Nf3 Nd7 13.Nd4 Nc5 14.Bc2 Qd7 15.b4
Na6 16.Nxe6 Qxe6 17.O-O Nc7 18.Bg3 f5 19.Qh5+ g6 20.Qh6 Bf8 21.Qe3 b6 22.
Rfd1 Be7 23.f4 O-O 24.Bf2 Kg7 25.Bb3 Rfd8 26.Qf3 c5 27.a3 c4 28.Bc2 a5 29.
h3 h5 30.Kh1 Kf7 31.Be3 b5 32.Qf2 Qc6 33.Bb6 a4 34.Be3 Ke6 35.Rd2 Rg8 36.
Rad1 Rad8 37.Rf1 Rd7 38.Bd1 Rb8 39.Bf3 Rbd8 40.Rfd1 Rb8 41.g3 Rb7 42.Kg1 
Rb8 43.Kf1 Rb7 44.Qg2 Rb8 45.g4 1-0

[Event "X C.to Italiano U20"]
[Site "Bratto - Castione della Presolana ITA"]
[Date "2002.08.23"]
[Round "4"]
[White "Berni, Giorgio"]
[Black "Bove, Alessandro"]
[Result "1/2-1/2"]
[WhiteElo "2198"]
[BlackElo "1815"]
[PlyCount "25"]
[EventDate "2002.08.20"]

1.e4 e5 2.Nf3 Nc6 3.Bb5 a6 4.Ba4 d6 5.Bxc6+ bxc6 6.d4 Bg4 7.dxe5 dxe5 8.
Nbd2 f6 9.O-O Bd6 10.c3 Ne7 11.h3 Be6 12.Qe2 g5 13.Nh2 1/2-1/2